| 000 | 00546nam a2200217Ia 4500 | ||
|---|---|---|---|
| 003 | 0100 | ||
| 008 | 130303s9999 xx 000 0 und d | ||
| 020 | _a9970020269 | ||
| 040 | _cARRUPELIB | ||
| 050 | _aJQ2951.A2K3 1995X | ||
| 100 | _aKabwegyere, Tarsis B | ||
| 245 | 4 | _aThe politics of state formation and destruction in Uganda | |
| 250 | _aRev. and expanded | ||
| 260 | _aKampala | ||
| 260 | _bFountain Publishers | ||
| 260 | _C1995 | ||
| 300 | _av | ||
| 300 | _b 259 p.ill. 21 cm | ||
| 700 | _aTarsis B. Kabwegyere | ||
| 942 | 0 | 0 | _01 |
| 999 |
_c7367 _d7367 |
||